[Вып. 170]: Проектирование и исследование отказоустойчивых параллельных вычислительных систем и программных комплексов; Вопросы кибернетики

Detalles Bibliográficos
Parent link:Вопросы кибернетики: сборник статей/ Академия наук СССР (АН СССР), Научный совет по комплексной проблеме "Кибернетика". [Вып. 170]: Проектирование и исследование отказоустойчивых параллельных вычислительных систем и программных комплексов.— , 1975-1992
Outros autores: Прангишвили И. В. (редактор), Мамедли Э. М.
Idioma:ruso
Publicado: 1991
Subjects:
Formato: Libro
KOHA link:https://koha.lib.tpu.ru/cgi-bin/koha/opac-detail.pl?biblionumber=31687

MARC

LEADER 00000nam2a2200000 4500
001 31687
005 20231101210043.0
035 |a (RuTPU)RU\TPU\book\31978 
035 |a BOOK00000057 
090 |a 31687 
100 |a 20011210d1991 k y0rusy50 ca 
101 0 |a rus 
102 |a RU 
105 |a y z 001zy 
200 0 |a [Вып. 170]: Проектирование и исследование отказоустойчивых параллельных вычислительных систем и программных комплексов  |f отв. ред. И. В. Прангишвили , Э. М. Мамедли 
210 |d 1991 
215 |a 168 с. 
320 |a Библиогр. в конце ст. 
461 1 |0 (RuTPU)RU\TPU\book\161768  |t Вопросы кибернетики  |o сборник статей  |f Академия наук СССР (АН СССР), Научный совет по комплексной проблеме "Кибернетика"  |v [Вып. 170]: Проектирование и исследование отказоустойчивых параллельных вычислительных систем и программных комплексов  |d 1975-1992 
606 1 |a Кибернетика  |2 stltpush  |3 (RuTPU)RU\TPU\subj\39446  |9 59539 
610 1 |a автоматика 
610 1 |a вычислительные сети 
610 1 |a параллельные системы 
610 1 |a проектирование 
610 1 |a исследование 
610 1 |a программные комплексы 
610 1 |a управление 
610 1 |a надежность 
610 1 |a сборники 
675 |a 681.5  |v 3 
702 1 |a Прангишвили  |b И. В.  |4 340 
702 1 |a Мамедли  |b Э. М.  |4 340 
801 0 |a RU  |b 63413507  |c 20011210  |g PSBO 
801 2 |a RU  |b 63413507  |c 20151009  |g PSBO 
942 |c BK